000 00312nam a22001337a 4500
008 190225b xxu||||| |||| 00| 0 eng d
020 _a9780815166283
041 _aeng
080 _22nd
_a610
100 _a4
101 _aSHM
245 _aDiagnostic and Laboratory Test Reference
_cPagana,
942 _2udc
_cBK
999 _c54176
_d54176